000 00595nam a2200169 4500
001 136069
003 ES-MaACL
005 20230906195028.0
007 t|
008 070214s1946 sp r ||||1| spa d
100 1 _aRuiz Morales, José Miguel.
_9100880
245 1 3 _aLa economía del bloque hispanoportugués /
_cJosé Miguel Ruiz Morales.
260 _aMadrid :
_bInstituto de Estudios Políticos,
_c1946.
300 _a500 p., 12 lám. :
_bil. ;
_c21 cm +
_e4 gráf. pleg., 6 map. pleg.
710 2 _aInstituto de Estudios Políticos (Madrid)
_94924
852 _aES-MaACL
_jE-1995
_bR.22964
999 _c136069
_d136069